[Event "NCA-chT Primera Division"]
[Site "Managua"]
[Date "2012.02.19"]
[Round "6.7"]
[White "Velasquez, Rommel"]
[Black "Lorente, Salomon"]
[Result "1/2-1/2"]
[WhiteElo "2062"]
[BlackElo "2047"]
[PlyCount "120"]
[EventDate "2012.02.17"]
[EventType "swiss"]
[EventRounds "9"]
[EventCountry "NCA"]
[SourceTitle "EXT 2024"]
[Source "ChessBase"]
[SourceDate "2023.10.10"]
[SourceVersion "1"]
[SourceVersionDate "2023.10.10"]
[SourceQuality "1"]

1. Nf3 f5 2. d4 d5 3. g3 Nf6 4. Bg2 e6 5. 0-0 Be7 6. b3 0-0 7. Bb2 Ne4 8. Ne5 Nd7 9. f3 Nd6 10. e3 Nf6 11. c4 c6 12. Nd2 Bd7 13. c5 Nf7 14. Nd3 Qc7 15. Qe2 Rae8 16. b4 a6 17. Bc3 g5 18. Ne5 Kg7 19. e4 h5 20. Qe3 Nh7 21. a4 Nxe5 22. dxe5 f4 23. Qe2 Kh6 24. Nb3 Rf7 25. exd5 cxd5 26. Bd4 h4 27. g4 Rff8 28. Rfc1 Ra8 29. Qd2 Bc6 30. Bf1 Qd7 31. Qa2 Rfc8 32. Bd3 Nf8 33. Nd2 Bd8 34. Qb3 b5 35. cxb6 Bxa4 36. Qb2 Rxc1+ 37. Rxc1 Bb5 38. Bc5 Bxd3 39. Bxf8+ Kh7 40. Bc5 Qb5 41. Qd4 Bg6 42. Nb3 Rb8 43. Qd2 Bxb6 44. Nd4 Qd7 45. Ra1 Qc8 46. Rc1 Qd7 47. Kg2 Kg7 48. Qc3 Kf7 49. Nb3 Rc8 50. Qd4 Bd8 51. Ra1 Qb5 52. Qd2 Qd3 53. Qa2 h3+ 54. Kf2 Rxc5 55. Nxc5 Qc3 56. Kf1 Qxf3+ 57. Qf2 Qh1+ 58. Qg1 Qf3+ 59. Qf2 Qh1+ 60. Qg1 Qf3+ 1/2-1/2